000 00422nam a2200157 i 4500
001 37582
003 ES-MaACL
005 20230906155613.0
007 t|
008 030221s1963 sp ||||1| spa d
100 1 _aBueno, Javier.
_932376
245 1 3 _aLa zorrita y los pájaros exóticos /
_cJavier Bueno.
260 _aMadrid :
_bAguilar,
_c[1963]
300 _a155 p. ;
_c21 cm.
852 _aES-MaACL
_jC-23501
_bR.52119
999 _c37582
_d37582